Redwall Characters by Words Spoken Quiz Stats

 Plays Quiz not verified by Sporcle

Score 0/20 Timer 05:00
0 Plays Today
Character % Correct
Matthias
99.3%
Cluny the Scourge
91.1%
Cornflower Fieldmouse
86.3%
Abbot Mortimer
85.6%
Constance
79.5%
Basil Stag Hare
78.8%
Brother Methuselah
78.1%
Log-a-Log
67.8%
Warbeak
67.1%
Jess Squirrel
65.1%
Character % Correct
Cheesethief
58.2%
Captain Snow
53.4%
Guosim
52.1%
Redtooth
50.7%
Sela the Healer
49.3%
Squire Julian Gingivere
47.9%
Dunwing
45.2%
Ambrose Spike
38.4%
Killconey
37%
Fangburn
30.1%

You're not logged in!

Compare scores with friends on all Sporcle quizzes.
Join for Free
OR
Log In

You Might Also Like...

Show Comments

Extras

Top Quizzes Today


Score Distribution

Your Account Isn't Verified!

In order to create a playlist on Sporcle, you need to verify the email address you used during registration. Go to your Sporcle Settings to finish the process.

Report this User

Report this user for behavior that violates our Community Guidelines.

Details: